इसे छोड़कर सामग्री पर बढ़ने के लिए
Inicio
Centros participantes
Catálogo
Servicios
Contacto
लॉग इन करें
English
Deutsch
Español
Français
Italiano
日本語
Nederlands
Português
Português (Brasil)
中文(简体)
中文(繁體)
Türkçe
עברית
Gaeilge
Cymraeg
Ελληνικά
Català
Euskara
Русский
Čeština
Suomi
Svenska
polski
Dansk
slovenščina
اللغة العربية
বাংলা
Galego
Tiếng Việt
Hrvatski
हिंदी
Հայերէն
Українська
Sámegiella
भाषा
सभी फ़ील्ड्स
शीर्षक
लेखक
विषय
बोधानक
आईएसबीएन / आईएसएसएन
टैग
खोज
उन्नत
Guía para la promoción de los...
इसे उद्धृत करें
इसे ईमेल करें
प्रिंट
निर्यात रिकॉर्ड
को निर्यात RefWorks
को निर्यात EndNoteWeb
को निर्यात EndNote
सूची में सहेजें
स्थायी लिंक
पहली रेटिंग जोड़ें
Guía para la promoción de los derechos humanos
में बचाया:
ग्रंथसूची विवरण
निगमित लेखक:
Instituto Interamericano de Derechos Humanos
स्वरूप:
मूलपाठ
प्रकाशित:
San José:
IIDH
टैग:
टैग जोड़ें
कोई टैग नहीं, इस रिकॉर्ड को टैग करने वाले पहले व्यक्ति बनें!
होल्डिंग्स
विवरण
टिप्पणियाँ
समान संसाधन
स्टाफ के लिए
MARC
LEADER
00000 a a2200000 04500
001
12086
003
040
090
|a
141900
110
|a
Instituto Interamericano de Derechos Humanos
245
|a
Guía para la promoción de los derechos humanos
260
|a
San José:
|b
IIDH
300
|a
18 p.
999
|c
10335
|d
10335
समान संसाधन
Protección de derechos humanos /
द्वारा: Maraví, Milagros
Visión del IIDH sobre los derechos humanos y de la democracia y sobre su misión. The IIHN's vision of human rights and democracy and of its mission
De jóvenes, bandas y tribus: antropología de la juventud
द्वारा: Feixa, Carles
La Costa Rica del siglo XXI que anhela la juventud costarricense /
द्वारा: Carrillo Delgado, María de los Angeles
Resolución pacífica de conflictos /
द्वारा: Maraví, Milagros